000
00450nam a2200145Ia 4500
008
090122s9999 xx 000 0 und d
082
_b
5786
_a
891.4683
100
_a
राजाध्यक्ष
_b
विजया
245
_a
आधी ---- नंतर
600
_a
राजाध्यक्ष
630
_a
आधी ---- नंतर
700
_a
राजाध्यक्ष
730
_a
आधी ---- नंतर
942
_c
BOOK
999
_c
29864
_d
29864